Biznes-karta goroda Ivanova /

Saved in:
Bibliographic Details
Other Authors: Rigert, V. G.
Format: Book
Language:Russian
Published: Ivanovo : NIT͡SĖFT, 1993.
Subjects:
Tags: Add Tag
No Tags, Be the first to tag this record!
LEADER 00779cam a22002414a 4500
001 005649538-2
005 20070726172505.0
008 971212s1993 ru r 000 0 ruso
010 |a  97224813  
020 |a 5872060092 
040 |a DLC  |c DLC  |d DLC  |d MH 
042 |a pcc 
043 |a e-ur-ru 
050 0 0 |a HF5192.I9  |b B59 1993 
245 0 0 |a Biznes-karta goroda Ivanova /  |c [otvetstvennyĭ za vypusk V.G. Rigert]. 
260 |a Ivanovo :  |b NIT͡SĖFT,  |c 1993. 
300 |a 152 p. ;  |c 30 cm. 
500 |a "Spravochnoe izdanie"--Colophon. 
650 0 |a Business enterprises  |z Russia (Federation)  |z Ivanovo (Ivanovskai͡a oblastʹ)  |v Directories. 
651 0 |a Ivanovo (Ivanovskai͡a oblastʹ, Russia)  |x Commerce  |v Directories. 
700 1 |a Rigert, V. G. 
988 |a 20020608 
906 |0 DLC